000
00311nam a2200109Ia 4500
008
221009s9999 xx 000 0 und d
082
_a
400
100
_a
Hari Mohan Prasad
_9
72410
245
0
_a
ENGLISH LANGUAGE & COMPREHENSION As Per the Latest Pattern of SSC Examinations
260
_b
Mcgraw hill
942
_c
BK
999
_c
65185
_d
65185